00406nam a2200121Ia 4500003000900000008004100009040001600050100001300066245012700079260005300206300001000259700001500269IN-BaIIA211028s9999 xx 000 0 eng d cIIA Library aLt. Ward 0aGeographical and statistical memoir of the survey of the Travancore and Cochin Statesbvol. 6cLieutenants Ward and Conner aMadrasbSuperintendent Government Printingc1863 a143p. aLt. Conner